O medveďovi, ktorý nemohol zaspať
| Main Author: | |
|---|---|
| Format: | Article |
| Language: | Slovak |
| ISSN: | ISSN 1335-020X |
| Subjects: |
MARC
| LEADER | 00000nab a2200000 a 4500 | ||
|---|---|---|---|
| 001 | vtls010346946 | ||
| 003 | SK-MaSNL | ||
| 005 | 20260303093337.0 | ||
| 008 | 120313 2012xo m 000 0 slo | ||
| 015 | |a SNKBRB 2012/03 | ||
| 038 | |a KEKMK | ||
| 040 | |a KEKMK |b slo |c KEKMK |e AACR2 | ||
| 041 | |a slo | ||
| 044 | |a xo |c SK | ||
| 100 | 1 | |a Bendová, Krista, |d 1923-1988 |4 aut |9 101774 | |
| 245 | 1 | 0 | |a O medveďovi, ktorý nemohol zaspať |c Krista Bendová |
| 650 | 0 | 7 | |a literatúra pre deti a mládež |2 kekmk |9 21893 |
| 773 | |t Fifík |g Roč. 22, č. 5 (január 2012), s.10 |x ISSN 1335-020X | ||
| 999 | |c 1815166 |d 1817096 | ||


